000 00580nam a2200217Ia 4500
005 20250923150000.0
008 008 250917s9999 xx 000 0 eng d
037 _aTextual
040 _aDSWL
_beng
_cDSWL
041 _aeng
_2eng
084 _qDSWL
100 _aShukla, K.S.
_9840976
245 0 _aDevelopment of Scheduled Castes and Administration
_c by K.S. Shukla
260 _aNew Delhi
_bI.I.P.A.
_c1993
300 _axii,250 p.
365 _aINR
_b300.00
700 _a B.M. Verma
_9840977
925 _g300.00
942 _cTEXL
999 _c1458114
_d1458114